000 00252 a2200097 4500
001 52715
100 _aHines, W W
245 _aPropability and Statistics in Engineering & Management Science
260 _aNew York
_bJohn Wiley
_c
090 _c33159
_d33159
942 _aNUST-CAE
_c
_c25735
999 _c287788
_d287788